000 00579nam a2200205Ia 4500
005 20250508165951.0
008 008 250505s9999 xx 000 0 eng d
020 _a0-8058-5593-9
037 _aTextBook
040 _aFEDL
_beng
_cFEDL
041 _aeng
_2eng
084 _a301.01, ELL/R
_qFEDL
100 _aElliott Anthony
245 0 _aBlackwell reader in contemporary social theory
260 _aMalden, USA
_bBlackwell Publishers, Inc.
_c1999
300 _axii, 396p.
365 _aINR
_b555
942 _cTB
_h301.01, ELL/R
999 _c1398453
_d1398453